000 00693nam a2200229Ia 4500
003 BUBTL
008 151213s9999 xx 000 0 und d
020 _a9781118959749
082 _a657/ W545a/ 2016
100 _a Weygandt, Jerry J.
_91937
245 _aAccounting principles :
_bJerry J. Weygandt , Paul D. Kimmel and Donald E. Kieso
250 _a12th ed.
260 _aNew York
_bJohn wiley & Sons,
_cc2016.
300 _a[xviii], 1075 p . :
_c 25 cm.
500 _aIncludes Index .
650 _aAccounting
_93544
700 _a Kimmel,Paul D.
_91938
700 _aKieso, Donald K.
_91939
856 _k0
_l0
_yDownload
942 _2ddc
_cBK
999 _c5754
_d5754